[Event "Hoogovens"]
[Site "Wijk aan Zee"]
[Date "1990.01.??"]
[Round "12"]
[White "Nunn, John DM"]
[Black "Dlugy, Maxim"]
[Result "1-0"]
[WhiteElo "2600"]
[BlackElo "2525"]
[Annotator "Anand,V"]
[PlyCount "95"]
[EventDate "1990.01.??"]
[EventType "tourn"]
[EventRounds "13"]
[EventCountry "NED"]
[EventCategory "13"]
[SourceTitle "CBM 017"]
[Source "ChessBase"]
[SourceDate "1990.08.01"]
[SourceVersion "1"]
[SourceVersionDate "1990.08.01"]
[SourceQuality "1"]

1. e4 c5 2. Nf3 d6 3. d4 cxd4 4. Nxd4 Nf6 5. Nc3 Nc6 6. Bc4 e6 7. Be3 Be7 8.
Qe2 O-O 9. O-O-O Bd7 {Dlugy's pet system against the Velimirovic} 10. f4 Rc8
11. Bb3 Qa5 12. Ndb5 $5 d5 (12... Ne8 13. e5 (13. Nxd6 Bxd6 14. e5 Nxe5 15.
fxe5 Qxe5 $15) 13... d5 $13) 13. f5 (13. e5 Ne8) (13. exd5 $6 exd5 14. Nxd5
Nxd5 15. Bxd5 Nb4 $17) 13... dxe4 14. Nxe4 (14. Rxd7 Nxd7 15. fxe6 Nde5 (15...
Nf6 16. exf7+ $13) 16. exf7+ Nxf7 17. Rf1 $13) 14... Nxe4 15. Rxd7 exf5 16.
Nxa7 (16. Rxb7 Bf6 $15 17. Nxa7 $2 Qe5) 16... Rc7 17. Nxc6 bxc6 18. Rhd1 (18.
Rxc7 Qxc7 19. g3) 18... Rxd7 19. Rxd7 Qe5 20. g3 Nc5 21. Rd2 Bf6 22. c3 Re8 $15
23. Bxc5 Qxe2 24. Rxe2 Rxe2 25. a4 Bg5+ 26. Kb1 Be3 27. Bd1 Re1 28. Bxe3 Rxe3
29. a5 Kf8 30. Ba4 Ke7 $1 31. Bxc6 Kd6 32. Bb7 g5 33. a6 Kc7 34. Kc1 f4 35. Kd2
Re6 (35... g4 $5 36. b4 h5 $19) 36. gxf4 g4 37. b4 Rh6 38. c4 Rxh2+ 39. Ke3 Ra2
(39... Rb2) 40. c5 Rb2 $2 (40... g3 41. b5 g2 42. b6+ Kb8 43. Bxg2 Rxg2 44. c6
h5 $1 (44... Rg6 $2 45. c7+ $1 Kc8 46. a7 Rg3+ 47. Ke4 Ra3 48. Kd5 Kb7 49. Kd6
h5 50. Kd7 Rd3+ 51. Ke7 $10) (44... Rg8 45. Ke4 h5 46. c7+ Kc8 47. Kd5 h4 48.
Kd6 Rg6+ 49. Kc5 Rg8 50. Kc6 $10) 45. Ke4 (45. a7+ Ka8 46. c7 Rg8 $19) (45. c7+
Kc8 46. a7 Ra2 47. Kf3 Ra3+ $1 48. Kg2 h4 49. f5 f6 50. Kh2 h3 51. Kh1 Kb7 52.
Kh2 Rc3 53. Kh1 Rc2 54. Kg1 h2+ 55. Kh1 Ra2 $19) 45... h4 46. Kd5 h3 47. c7+
Kc8 48. Kc6 (48. a7 Ra2 49. Kc6 Rc2+ (49... Ra6 $4 50. a8=Q+ Rxa8 51. b7#) 50.
Kd6 Kb7 51. Kd7 h2 $19) 48... Rg6+ 49. Kc5 Rxb6 50. Kxb6 h2 $19) 41. Bd5 $1 Kb8
42. c6 Rc2 43. Kd3 Rc1 44. a7+ Kxa7 45. Kd2 $1 {The rook is completely
dominated!} Rxc6 46. Bxc6 h5 47. Ke2 h4 48. Kf2 1-0

[Event "Furman Memorial"]
[Site "St Petersburg"]
[Date "1995.??.??"]
[Round "3"]
[White "Zaitsev, Igor A"]
[Black "Gurgenidze, Bukhuti"]
[Result "1-0"]
[WhiteElo "2470"]
[BlackElo "2375"]
[Annotator "Belov,I"]
[PlyCount "58"]
[EventDate "1995.11.??"]
[EventType "tourn"]
[EventRounds "9"]
[EventCountry "RUS"]
[EventCategory "9"]
[SourceTitle "CBM 050 Extra"]
[Source "ChessBase"]
[SourceDate "1996.03.01"]
[SourceVersion "1"]
[SourceVersionDate "1996.03.01"]
[SourceQuality "1"]

1. e4 c5 2. Nf3 d6 3. d4 cxd4 4. Nxd4 Nf6 5. Nc3 Nc6 6. Bc4 e6 7. Be3 a6 8. Qe2
Qc7 9. Bb3 Na5 10. g4 h6 (10... b5 11. g5 Nd7 (11... b4 12. gxf6 bxc3 13. Ba4+
Bd7 14. fxg7 Bxg7 15. Bxd7+ Qxd7 16. b3 h5 $13 {Lukin,A-Veingold,A/Lvov/1984/})
12. f4 (12. O-O-O Nc5 $1 13. a3 Bb7 14. Ba2 Nxe4 $10 {Arakhamia,K-Lerner,K/
Helsinki/1992/0:1/39/}) 12... b4 (12... Nc5 13. f5 b4 14. Na4 Naxb3 15. axb3
Qb7 16. fxe6 fxe6 17. Nxc5 dxc5 18. Nf3 Be7 19. Nd2 O-O 20. O-O-O $10 {
Ljubojevic,L-Salov,V/Belgrade/1987/1:0/40/}) 13. Na4 Nxb3 (13... Bb7 14. f5 e5
15. Bxf7+ (15. Nf3 Nxb3 16. cxb3 Bxe4 17. O-O Qb7 18. Nd2 Bc6 $17 {
Rott-Kasparov,G/Malta olm/1980/0:1/45/}) 15... Kxf7 16. Qh5+ Kg8 17. f6 g6 18.
Qh3 Qc4 19. Ne6 Bxe4 20. Rf1 Kf7 21. Ng7 Bf5 22. Rxf5 gxf5 23. Qxf5 Rd8 24. b3
Qd5 25. Rd1 Qh1+ 26. Kd2 Qxh2+ 27. Kc1 Bxg7 28. Rxd6 Bf8 29. g6+ {Velimirovic,
D-Ivanovic,B/Budva/1981/1:0/}) 14. cxb3 Qb7 15. Qc2 Nc5 16. Nxc5 dxc5 17. Nf3
Be7 18. O-O-O O-O 19. Ne5 $14 {Baimuratov,S-Serper,G/Bishkek(zt)/1993/1:0/43/})
11. Rg1 (11. O-O-O b5 12. f3 Bd7 (12... b4 13. Na4 Nd7 14. Kb1 Be7 15. h4 g6
16. h5 g5 17. c3 bxc3 18. Rc1 $1 $16 {Velimirovic,D-Stein,L/Kapfenberg/1970/1:
0/41/}) 13. h4 Nc4 14. g5 Nh5 15. Rhg1 $36 {Gheorghiu,F-Barczay,L/Vrnjacka
Banja/1967/1:0/34/}) 11... b5 12. f3 Nxb3 (12... Be7 13. h4 g6 (13... Bb7 14.
g5 hxg5 15. hxg5 Nd7 16. g6 $16) (13... Nd7 14. g5 hxg5 15. hxg5 g6 16. Bxe6
fxe6 17. Nxe6 Qc6 18. Nd5 $44) 14. g5 hxg5 15. hxg5 Nh5 16. f4 $36) 13. axb3
Bb7 14. Bf2 Rc8 15. O-O-O g6 (15... Be7 16. h4 Nd7 $14) 16. b4 Qc4 (16... Bg7
17. Nb3 (17. Ndxb5 $6 axb5 18. Nxb5 Qc6 19. Nxd6+ Kf8 20. Bc5 Kg8 21. Nxc8 Bxc8
22. Rd6 Qa4 23. Kb1 Kh7 $13) 17... O-O 18. Na5 $16) 17. Qe3 $5 Be7 (17... Qxb4
18. Nb3 Qc4 19. Qa7 Qc7 20. Bb6 Qe7 21. Na5 Ba8 22. Qxa6 $16) 18. Nb3 Nd5 $6 (
18... Kf8 19. Na5 Qc7 20. Qa7 Rb8 21. Bb6 Qc8 $16) 19. Rxd5 $1 (19. exd5 Bg5
$19) (19. Nxd5 $4 Qxc2#) 19... exd5 20. Na5 Qc7 (20... Qxb4 21. Nxb7 Bg5 22. f4
$18) 21. Nxb7 Qxb7 22. Nxd5 $16 Qc6 23. c3 Bd8 24. Qd2 f6 (24... O-O 25. Qxh6
Re8 26. Bd4 $18) 25. Bd4 Rh7 (25... Kf7 26. Bxf6 Bxf6 27. Qf4 Rh7 28. Qxf6+ Kg8
29. Qxg6+ Kh8 30. Nf6 $18) 26. Bxf6 Rf7 27. Bxd8 Kxd8 28. Qxh6 $18 Rxf3 29.
Qxg6 Qd7 (29... Qd7 30. Qg5+ Ke8 31. Nf6+ $18) 1-0

[Event "Moscow Petrosian Memorial"]
[Site "Moscow"]
[Date "1995.??.??"]
[Round "9"]
[White "Korneev, Oleg"]
[Black "Shipov, Sergei"]
[Result "1-0"]
[WhiteElo "2540"]
[BlackElo "2510"]
[Annotator "Belov,I"]
[PlyCount "71"]
[EventDate "1995.??.??"]
[EventType "tourn"]
[EventRounds "11"]
[EventCountry "RUS"]
[EventCategory "10"]
[SourceTitle "CBM 046"]
[Source "ChessBase"]
[SourceDate "1995.06.01"]
[SourceVersion "1"]
[SourceVersionDate "1995.06.01"]
[SourceQuality "1"]

1. e4 c5 2. Nf3 d6 3. d4 Nf6 4. Nc3 cxd4 5. Nxd4 e6 6. Bc4 Nc6 7. Be3 Be7 8.
Qe2 O-O 9. O-O-O a6 10. Bb3 Nd7 11. g4 (11. f4 Nc5 12. Nxc6 (12. Rhf1 Bd7 13.
f5 Ne5 14. Nf3 Nxb3+ 15. axb3 Ng4 16. fxe6 fxe6 17. Bd4 Qa5 18. h3 Nh6 19. Qe1
$1 $13 {Yakovich,Y-Filipenko,A/Belgorod/1989/1:0/38/}) 12... Nxb3+ 13. cxb3
bxc6 14. e5 Qc7 15. exd6 Bxd6 16. Qc4 e5 17. Rxd6 Qxd6 18. Bc5 Qg6 19. Bxf8
Qxg2 20. Re1 Be6 21. Qe4 Qxe4 22. Rxe4 Kxf8 23. Rxe5 Ke7 $10 {Hachian,
M-Botvinnik,Il./Bucuresti/1993/}) (11. Kb1 Nxd4 (11... Qc7 12. f4 Nc5 13. f5
Nxb3 14. axb3 Bd7 15. Rhf1 Ne5 16. Nf3 Bc6 17. Nxe5 dxe5 18. fxe6 fxe6 19. Qg4
Rxf1 20. Rxf1 Qd7 21. Rd1 Qc8 22. h4 Kh8 23. Bg5 {De Firmian,N-Ivanchuk,V/Biel/
1989/,0,5/}) 12. Bxd4 b5 13. e5 dxe5 14. Bxe5 Qb6 15. Bf4 Nc5 16. Nd5 exd5 17.
Qxe7 Nxb3 18. axb3 Bf5 19. Rd2 Rfc8 20. Qd6 Qxd6 21. Bxd6 $10 {Rublevsky,
S-Ruskin,A/Sankt Peterburg/1994/}) 11... Nc5 12. Rhg1 (12. Nxc6 Nxb3+ (12...
bxc6 $4 13. Bxc5 $18) 13. axb3 bxc6 $10) 12... Nxb3+ (12... Qe8) (12... Qc7)
13. axb3 Nb4 $6 (13... Bd7 $5) 14. Rg3 $5 Qa5 15. Kb1 Bd7 (15... Rd8 16. Nf5
Bf8 $5) 16. Nf5 exf5 17. gxf5 $16 Bf6 (17... Rfc8 18. Bd4 g6 (18... Bf8 19.
Bxg7 Bxg7 20. f6 Be6 21. Rxg7+ Kf8 22. Rxh7 Ke8 23. Rxd6 $18) 19. Qh5 Bf8 (
19... Nc6 20. Qxh7+ Kxh7 21. Rh3+ Kg8 22. Rh8#) 20. Qh4 (20. Rdg1 Bg7 $13)
20... Nc6 $13 21. Rh3 $36) (17... Bc6 18. Bd4 f6 19. Rdg1 Rf7 20. Qh5 $36) 18.
Bd4 Bxd4 19. Rxd4 Rac8 (19... Bc6 20. f6 g6 21. Qd2 $18) (19... f6 20. Qc4+ Kh8
21. Qxb4 $18) (19... g6 20. Qd2 Nc6 (20... Bc6 21. f6 $18) 21. Rxd6 Bc8 22. Qh6
Qe5 23. f6 $18) 20. Rxb4 $1 Qxb4 21. Nd5 Qd4 $8 (21... Qb5 22. Nf6+ Kh8 23. Rh3
h6 (23... gxf6 24. Qh5) 24. Qe3 $140 Bxf5 25. Rxh6+ $18) 22. c3 Bb5 $8 23. Qc2
Qc5 (23... Qe5 24. f4 Qe8 25. Nf6+ $18) 24. f6 Rfe8 (24... g6 25. Qd2 Kh8 26.
Qh6 Rg8 27. Qxh7+ Kxh7 28. Rh3#) 25. f3 (25. Rxg7+ Kf8 (25... Kh8 26. e5) 26.
Rxh7 Kg8 27. Qd2 Kxh7 (27... Bd3+ 28. Kc1 Bxe4 29. Rh8+ Kxh8 30. Qh6+ Bh7 31.
Qg7#) 28. Qg5 Rg8 29. Qh5#) 25... Re5 (25... g6 26. Qd2 $18) 26. Rxg7+ Kf8 27.
Qg2 Ke8 28. Rxf7 $1 Kd8 (28... Kxf7 29. Qg7+ Ke8 30. f7+ $18) 29. Rf8+ Re8 (
29... Be8 30. f7 $18) 30. Qg7 Rc7 31. f7 Rxf7 (31... Rxf8 32. Qxf8+ Kd7 33.
Qe8#) 32. Qxf7 Bd3+ 33. Kc1 Qg1+ (33... Rxf8 34. Qxf8+ Kd7 35. Qe7+ Kc8 36.
Qe8#) 34. Kd2 Qf2+ 35. Kxd3 Qf1+ 36. Kc2 1-0

[Event "Interzonal-16"]
[Site "Biel"]
[Date "1993.??.??"]
[Round "2"]
[White "Frolov, Artur"]
[Black "Shirov, Alexei"]
[Result "0-1"]
[WhiteElo "2535"]
[BlackElo "2685"]
[Annotator "Boensch,U"]
[PlyCount "56"]
[EventDate "1993.07.16"]
[EventType "swiss"]
[EventRounds "13"]
[EventCountry "SUI"]
[SourceTitle "CBM 037"]
[Source "ChessBase"]
[SourceDate "1993.12.01"]
[SourceVersion "1"]
[SourceVersionDate "1993.12.01"]
[SourceQuality "1"]

1. e4 c5 2. Nf3 d6 3. d4 cxd4 4. Nxd4 Nf6 5. Nc3 Nc6 6. Bc4 e6 7. Be3 Be7 8.
Qe2 a6 9. O-O-O Qc7 10. Bb3 O-O (10... Na5 11. g4 b5 12. g5 Nxb3+ 13. axb3 Nd7
14. Nf5 exf5 15. Nd5 Qd8 16. exf5 Bb7 17. f6 gxf6 18. Rhe1 Bxd5 19. Rxd5 Rg8
20. gxf6 Nxf6 21. Rf5 Rb8 22. h4 Ne4 23. Bf4 Rg6 24. Qxe4 $16 {Frolov,
A-Bagaturov,G Biel izt (13) 1993 1-0 30 -CBM 37}) 11. g4 Nxd4 12. Rxd4 Nd7 13.
g5 (13. f4 b5 14. g5 Nc5 15. Rg1 Rb8 16. Kb1 a5 17. f5 a4 18. f6 axb3 19. axb3
b4 20. Nb5 Qa5 21. fxe7 $13 {De Firmian,N-Lein,A New York op (4) 1990 1-0 38})
13... Nc5 14. h4 b5 15. f3 $2 (15. h5 $132) 15... Rb8 16. Kb1 a5 $1 $17 17. a3
(17. Nxb5 $4 Rxb5 18. Qxb5 Ba6 $19) 17... b4 18. axb4 axb4 19. Na2 Nxb3 20.
cxb3 Qa5 21. Qh2 Bd7 22. Rc1 Ra8 23. Nxb4 d5 24. Bd2 Rfb8 25. Rc7 (25. Nc6 $4
Qa2+ 26. Kc2 Bxc6 $19) 25... Qb6 26. Rxd7 Qxd4 27. Rxe7 Rxb4 28. Bxb4 Qd1# 0-1

[Event "Excelsior Cup"]
[Site "Gothenburg"]
[Date "1997.??.??"]
[Round "5"]
[White "Hector, Jonny"]
[Black "Rytshagov, Mikhail"]
[Result "1/2-1/2"]
[WhiteElo "2500"]
[BlackElo "2485"]
[Annotator "Boensch,U"]
[PlyCount "90"]
[EventDate "1997.01.??"]
[EventType "tourn"]
[EventRounds "9"]
[EventCountry "SWE"]
[EventCategory "9"]
[SourceTitle "CBM 057"]
[Source "ChessBase"]
[SourceDate "1997.04.01"]
[SourceVersion "1"]
[SourceVersionDate "1997.04.01"]
[SourceQuality "1"]

1. e4 c5 2. Nf3 d6 3. d4 cxd4 4. Nxd4 Nf6 5. Nc3 Nc6 6. Bc4 e6 7. Be3 a6 8. Bb3
Be7 9. Qe2 Qc7 10. O-O-O Na5 11. g4 b5 12. g5 Nxb3+ 13. axb3 Nd7 14. h4 b4 15.
Na4 Nc5 16. h5 Bd7 17. Kb1 Bxa4 18. bxa4 Rc8 (18... Qb7 19. g6 Bf6 20. f3 Nxa4
(20... Rc8 21. b3 hxg6 22. hxg6 Rxh1 23. gxf7+ Kxf7 24. Rxh1 Nxe4 25. fxe4 Qxe4
26. Qf3 Qxf3 27. Nxf3 Rc3 28. Re1 $18 {1-0 Wolff,P-Gurevich,D/New York op 1994
(51)}) 21. Qc4 O-O 22. gxf7+ Qxf7 23. Qxe6 Qxe6 24. Nxe6 Nxb2 25. Nxf8 Nxd1 26.
Rxd1 Rxf8 27. Rxd6 $11 {1/2-1/2 De Firmian,N-Gurevich,D/Philadelphia World op
1995 (36)}) 19. f3 Nxa4 20. Qxa6 Nc5 21. Qb5+ Nd7 22. g6 (22. Rh2 O-O 23. g6
Nc5 24. h6 fxg6 25. hxg7 Rf7 26. Rdh1 Rxg7 27. f4 Ra8 28. Nc6 Nxe4 29. Nxe7+
Rxe7 30. Qxb4 Qc6 31. Bd4 Rb7 {0-1 Wedberg,T-Van der Wiel,J/Haninge 1989}) (22.
Rd2 O-O 23. g6 Nc5 24. h6 fxg6 25. hxg7 Rf7 26. Qxb4 Rb8 27. Qc4 d5 28. exd5
exd5 29. Qa2 Qb7 30. Nb3 Nxb3 31. Qxb3 Qxb3 32. cxb3 Rxb3 $17 {1/2-1/2
Onischuk,A-Van der Wiel,J/Wijk-B 1996 (56)}) 22... fxg6 23. Rh2 e5 24. Ne6 Qc6
25. Qxc6 Rxc6 26. hxg6 Bf6 27. Rxh7 Rg8 28. f4 exf4 29. Bd4 Nf8 30. Nxf8 Rxf8
31. Bxf6 Rxf6 32. Rxg7 Kf8 33. Rb7 Rxg6 34. e5 b3 35. cxb3 Re6 36. b4 dxe5 37.
b5 Rcd6 38. Rh1 Rh6 39. Rc1 Ke8 40. Rc8+ Rd8 41. Rcc7 Rf6 42. b6 f3 43. Re7+
Kf8 44. Rh7 Kg8 45. Rbg7+ Kf8 1/2-1/2

[Event "URS-sf"]
[Site "Daugavpils"]
[Date "1989.??.??"]
[Round "?"]
[White "Lukin, Andrei M"]
[Black "Shirov, Alexei"]
[Result "1-0"]
[WhiteElo "2445"]
[BlackElo "2495"]
[Annotator "Boensch,U"]
[PlyCount "53"]
[EventDate "1989.11.??"]
[EventType "tourn"]
[EventRounds "15"]
[EventCountry "URS"]
[EventCategory "9"]
[SourceTitle "CBM 016"]
[Source "ChessBase"]
[SourceDate "1990.06.01"]
[SourceVersion "1"]
[SourceVersionDate "1990.06.01"]
[SourceQuality "1"]

1. e4 {Bönsch} c5 2. Nf3 d6 3. d4 cxd4 4. Nxd4 Nf6 5. Nc3 Nc6 6. Bc4 e6 7. Be3
Be7 8. Qe2 a6 (8... O-O 9. O-O-O d5 10. Bb3 (10. Nxe6 fxe6 11. exd5 Na5 12.
dxe6 Qc7 13. Bd5 Nc6 14. Bb3 Re8 $13 {- ECO}) 10... Na5 {10...Da5; 10...Lb4;
10...Te8} 11. e5 Nd7 12. f4 Bb4 13. Bd2 Nc5 14. Rhf1 Naxb3+ 15. axb3 a5 16. Kb1
Bxc3 17. Bxc3 Ne4 $13 {De Firmian-Sosonko Luzern 1989 1-0 (27)}) 9. Bb3 Qc7 10.
f4 O-O 11. O-O-O Nxd4 12. Rxd4 b5 13. f5 $5 {N} (13. Rf1 Bb7 14. f5 e5 15. Rd3
$14 {Ljubojevic-Ribli, Lanzarote 1973}) 13... exf5 14. exf5 Bxf5 15. g4 Be6 16.
g5 Nd7 17. Qh5 Bf5 $2 (17... Ne5 18. Bxe6 fxe6 19. Rh4 h6 $13) 18. Rf1 Bg6 19.
Qd1 Nc5 20. Bd5 Rab8 (20... b4 $5 21. Rxb4 Rab8 22. Rxb8 Rxb8 23. h4 Qb6 $13)
21. h4 b4 22. h5 $3 $18 Bxc2 (22... bxc3 23. hxg6 Rxb2 24. gxf7+ Kh8 25. Rh1
Qb6 26. Rxh7+ Kxh7 27. Qh5#) 23. Qxc2 bxc3 24. Qxc3 Ne6 25. Rc4 Qd7 26. h6 Bd8
27. g6 $3 (27. g6 $3 hxg6 (27... f6 28. Re4 Re8 29. Bc6 $18) (27... f5 28.
Bxe6+ Qxe6 29. Qxg7#) 28. Bxe6 fxe6 29. Rxf8+ Kxf8 30. h7 $18) 1-0

[Event "Bern zt"]
[Site "Bern"]
[Date "1990.??.??"]
[Round "5"]
[White "Wahls, Matthias"]
[Black "Rechlis, Gad"]
[Result "0-1"]
[WhiteElo "2565"]
[BlackElo "2470"]
[Annotator "Boensch,U"]
[PlyCount "62"]
[EventDate "1990.01.??"]
[EventType "tourn"]
[EventRounds "15"]
[EventCountry "SUI"]
[EventCategory "9"]
[SourceTitle "CBM 017"]
[Source "ChessBase"]
[SourceDate "1990.08.01"]
[SourceVersion "1"]
[SourceVersionDate "1990.08.01"]
[SourceQuality "1"]

1. e4 {Bönsch} c5 2. Nf3 Nc6 3. d4 cxd4 4. Nxd4 Nf6 5. Nc3 d6 6. Bc4 e6 7. Be3
a6 8. Qe2 Be7 9. O-O-O Qc7 10. Bb3 Na5 11. g4 b5 12. g5 Nxb3+ 13. axb3 Nd7 14.
Nf5 (14. h4 b4 15. Na4 Nc5 16. h5 Bd7 17. Kb1 (17. g6 Nxb3+ 18. Nxb3 Bxa4 19.
h6 fxg6 20. Nd4 e5 $15 {Brunner,L - Van der Wiel,J Luzern 1989}) 17... Bxa4 18.
bxa4 Qb7 19. g6 Bf6 20. gxf7+ Kxf7 21. f3 $13 {Kuczynski,R - Rodriguez,Am
Camagüey 1987}) 14... b4 (14... exf5 $13) 15. Nxg7+ Kf8 16. Qh5 Kxg7 17. Bd4+
Kg8 {N} (17... Ne5 18. f4 bxc3 19. fxe5 $16) 18. Rhg1 (18. Bxh8 $5) 18... Ne5
19. f4 Ng6 20. Bxh8 Kxh8 21. Ne2 Bb7 $17 22. Rd4 Rc8 23. Rc4 Qb6 24. f5 Rxc4
25. bxc4 Qe3+ 26. Kb1 Bxe4 $1 27. fxg6 Bxg6 28. Qg4 e5 (28... b3 $2 29. Qd4+)
29. Nc1 b3 $19 30. Rg2 bxc2+ 31. Rxc2 Qd2 0-1

[Event "New York WFW"]
[Site "New York"]
[Date "1990.??.??"]
[Round "?"]
[White "Wolff, Patrick G"]
[Black "Fishbein, Alexander"]
[Result "0-1"]
[WhiteElo "2540"]
[BlackElo "2470"]
[Annotator "Boensch,U"]
[PlyCount "54"]
[EventDate "1990.09.??"]
[EventType "tourn"]
[EventRounds "9"]
[EventCountry "USA"]
[EventCategory "11"]
[SourceTitle "CBM 020"]
[Source "ChessBase"]
[SourceDate "1991.02.01"]
[SourceVersion "1"]
[SourceVersionDate "1991.02.01"]
[SourceQuality "1"]

1. e4 {Bönsch} c5 2. Nf3 Nc6 3. d4 cxd4 4. Nxd4 Nf6 5. Nc3 d6 6. Bc4 e6 7. Be3
a6 8. Qe2 Qc7 9. O-O-O Be7 (9... Na5 10. Bd3 b5 11. Bg5 Be7 12. f4 b4 13. Nb1
h6 14. Bh4 e5 15. Nf5 Bxf5 16. exf5 O-O 17. Nd2 exf4 18. Rhe1 Nc6 19. Kb1 d5
20. g4 fxg3 21. Bxg3 Qb6 22. Qg2 $13 {Hector - Kristiansen, Tastrup 1990}) 10.
Bb3 Na5 11. g4 b5 12. g5 Nxb3+ 13. axb3 Nd7 14. h4 (14. Nf5 b4 15. Nxg7+ (15.
Nxe7 $5) 15... Kf8 16. Qh5 Kxg7 17. Bd4+ Kg8 18. Rhg1 Ne5 19. f4 Ng6 20. Bxh8
Kxh8 21. Ne2 Bb7 $15 {Wahls - Rechlis, Bern (zt) 1990 - Inf.49/282}) 14... b4
15. Na4 $2 (15. Na2 a5 16. Nb5 Qb8 17. Qd3 Ra6 18. Qc4 Nc5 19. Kb1 Rb6 20.
Nxd6+ Rxd6 21. Bxc5 Rc6 22. Ba7 Qc7 23. Qb5 Ba6 24. Qb8+ Qxb8 25. Bxb8 h6 $44 {
de Firmian - Hellers, Reykjavik 1990}) 15... Nc5 16. h5 Bd7 17. Kb1 (17. g6
Nxb3+ 18. Nxb3 Bxa4 $17) (17. Nxc5 dxc5 18. Nf3 Bb5 $17) 17... Bxa4 18. bxa4
Nxa4 19. g6 Bf6 20. f4 O-O 21. gxf7+ Rxf7 22. h6 (22. Nxe6 Qb7 $17 {/\ Nc3})
22... Rb8 $1 $40 23. Qxa6 Nxb2 $1 24. Nxe6 (24. Kxb2 Qc3+ 25. Kb1 Qxe3 $19)
24... Qc3 25. Bd4 Bxd4 26. Rxd4 b3 $19 27. cxb3 Qxb3 0-1

[Event "London WFW"]
[Site "London"]
[Date "1991.??.??"]
[Round "?"]
[White "Hector, Jonny"]
[Black "Plaskett, H James"]
[Result "1-0"]
[WhiteElo "2465"]
[BlackElo "2480"]
[Annotator "Boensch,U"]
[PlyCount "63"]
[EventDate "1991.05.??"]
[EventType "tourn"]
[EventRounds "13"]
[EventCountry "ENG"]
[EventCategory "11"]
[SourceTitle "CBM 024"]
[Source "ChessBase"]
[SourceDate "1991.10.01"]
[SourceVersion "1"]
[SourceVersionDate "1991.10.01"]
[SourceQuality "1"]

1. e4 {Kortschnoj} c5 2. Nf3 d6 3. d4 cxd4 4. Nxd4 Nf6 5. Nc3 Nc6 6. Bc4 e6 7.
Be3 Be7 8. Qe2 O-O 9. O-O-O a6 10. Bb3 (10. Rhg1 Nd7 (10... Nxd4 $5 11. Bxd4 b5
12. Bb3 b4 13. Na4 Bd7 14. g4 (14. Nb6 Bb5 $17) 14... Bb5 15. Qe1 Rb8 16. g5
Ne8 17. Qe3 e5 18. Bxe5 Bxa4 19. Bxa4 Qa5 $17 {Ceitlin-Chernikov, URS 1975
-Inf.21/356}) 11. g4 Nxd4 12. Rxd4 b5 13. Bb3 Qe8 14. g5 Nc5 15. e5 dxe5 16.
Rh4 Nxb3+ 17. axb3 f5 18. gxf6 Bxf6 19. Bg5 Bb7 20. Bxf6 Rxf6 21. Ne4 Bxe4 22.
Qxe4 g6 23. Qxe5 Qf7 $10 {Kontic-Cabrilo, Niksic 1991 -CBM 24}) 10... Qe8 11.
Rhg1 Nd7 12. g4 Nc5 13. g5 b5 14. Qh5 b4 15. Nxc6 Qxc6 $2 (15... Nxb3+ 16. axb3
Qxc6 17. Nd5 $2 (17. Bd4 Bd7 (17... Bb7 18. Nd5 $1 exd5 19. Rd3 Rfc8 20. c3
dxe4 21. Rh3 Kf8 22. g6 $1 $18 {Howell-Wahls, Gausdal 1986 -Inf.42/296}) 18.
Rg4 bxc3 19. Rh4 Bxg5+ 20. Qxg5 f6 21. Qh5 cxb2+ 22. Bxb2 $16 {Plaskett-Wahls,
Hastings 1989}) 17... exd5 18. Bd4 Qd7 19. Bxg7 (19. Qh6 gxh6 20. gxh6+ Qg4 $19
) 19... Kxg7 20. Qh6+ Kh8 21. g6 fxg6 22. Rxg6 Rf7 23. Rdg1 Bb7 24. Rg7 Bg5+
$19 {Espig-Beliavsky, Suhumi 1972}) 16. Bd5 $1 $16 Qc7 (16... exd5 $2 17. Nxd5
Ra7 18. Nf6+ $18) 17. Bd4 (17. Bxa8 $2 bxc3 $17) 17... bxc3 18. Qh6 f6 (18...
e5 19. g6 $1 gxh6 (19... hxg6 20. Rxg6 Bf6 21. Rdg1 $18) 20. gxf7+ Kh8 21. Rg8+
Rxg8 22. fxg8=R#) 19. gxf6 $2 (19. Bxa8 $1 cxb2+ 20. Kb1 gxh6 21. gxf6+ Kf7 (
21... Kh8 22. fxe7+ $18) 22. Rg7+ Ke8 23. Rxe7+ Qxe7 24. fxe7 Kxe7 25. e5 $16 {
Plasket}) 19... Bxf6 20. Bxf6 Rxf6 21. Qxf6 cxb2+ 22. Qxb2 exd5 23. Rxd5 Bb7
24. Rxd6 Nxe4 25. Rb6 Nc3 26. Rg3 Ne2+ 27. Kb1 Be4 28. Rgb3 Rc8 29. Ka1 Bxc2 $4
(29... Qxh2 30. Rb8 Qg1+ 31. Qb1 Qxb1+ 32. Rxb1 Rxb8 33. Rxb8+ Kf7 34. Rb6 h5
$19) 30. Rb7 h6 $2 (30... Bxb3 31. Rxc7 Rxc7 32. Qxb3+ Rf7 $16) 31. Rxc7 Rxc7
32. Rb7 1-0